Междисциплинарный подход к формированию компетенций инженеров машиностроительного профиля; Интеллектуальные энергосистемы; Т. 3

Dettagli Bibliografici
Parent link:Интеллектуальные энергосистемы: труды III Международного молодёжного форума, 28 сентября - 2 октября 2015 г., г. Томск/ Национальный исследовательский Томский политехнический университет (ТПУ).— , 2015
Т. 3.— 2015.— [С. 258-261]
Autore principale: Бознак А. О. Алексей Олегович
Enti autori: Национальный исследовательский Томский политехнический университет (ТПУ) Институт социально-гуманитарных технологий (ИСГТ) Кафедра истории и философии науки и техники (ИФНТ), Национальный исследовательский Томский политехнический университет (ТПУ) Институт кибернетики (ИК) Кафедра технологии автоматизированного машиностроительного производства (ТАМП)
Altri autori: Ким А. Б. Алексей Богович (научный руководитель), Шибинский К. Г. Константин Григорьевич, Чмыхало А. Ю. Александр Юрьевич
Riassunto:Заглавие с титульного экрана
Lingua:russo
Pubblicazione: 2015
Serie:Интеллектуальные энергосистемы и формирование методологических компетенций инженеров
Soggetti:
Accesso online:http://earchive.tpu.ru/handle/11683/16210
http://www.lib.tpu.ru/fulltext/c/2015/C43/V3/071.pdf
Natura: Elettronico Capitolo di libro
KOHA link:https://koha.lib.tpu.ru/cgi-bin/koha/opac-detail.pl?biblionumber=616002

MARC

LEADER 00000naa2a2200000 4500
001 616002
005 20231101132903.0
035 |a (RuTPU)RU\TPU\conf\14235 
035 |a RU\TPU\conf\14222 
090 |a 616002 
100 |a 20151127d2015 k y0rusy50 ca 
101 0 |a rus 
102 |a RU 
105 |a y z 101zy 
135 |a drnn ---uucaa 
181 0 |a i  
182 0 |a b 
200 1 |a Междисциплинарный подход к формированию компетенций инженеров машиностроительного профиля  |f А. О. Бознак, А. Б. Ким, К. Г. Шибинский  |g науч. рук. А. Ю. Чмыхало 
203 |a Текст  |c электронный 
225 1 |a Интеллектуальные энергосистемы и формирование методологических компетенций инженеров 
230 |a 1 компьютерный файл (pdf; 203 Kb) 
300 |a Заглавие с титульного экрана 
320 |a [Библиогр.: с. 261 (4 назв.)] 
337 |a Adobe Reader 
461 1 |0 (RuTPU)RU\TPU\conf\13656  |t Интеллектуальные энергосистемы  |o труды III Международного молодёжного форума, 28 сентября - 2 октября 2015 г., г. Томск  |o в 3 т.  |f Национальный исследовательский Томский политехнический университет (ТПУ)  |d 2015 
463 1 |0 (RuTPU)RU\TPU\conf\13661  |t Т. 3  |v [С. 258-261]  |d 2015 
610 1 |a труды учёных ТПУ 
610 1 |a электронный ресурс 
610 1 |a междисциплинарный подход 
610 1 |a компетенции 
610 1 |a инженеры 
610 1 |a машиностроительные специальности 
700 1 |a Бознак  |b А. О.  |c специалист в области машиностроения  |c ассистент кафедры Томского политехнического университета  |f 1990-  |g Алексей Олегович  |2 stltpush  |3 (RuTPU)RU\TPU\pers\35593 
701 1 |a Ким  |b А. Б.  |c специалист в области машиностроения  |c старший преподаватель Томского политехнического университета  |f 1980-  |g Алексей Богович  |2 stltpush  |3 (RuTPU)RU\TPU\pers\30613 
701 1 |a Шибинский  |b К. Г.  |c специалист в области машиностроения  |c старший преподаватель Томского политехнического университета  |f 1980-  |g Константин Григорьевич  |2 stltpush  |3 (RuTPU)RU\TPU\pers\30617 
702 1 |a Чмыхало  |b А. Ю.  |c философ  |c доцент Томского политехнического университета, кандидат философских наук  |f 1973-  |g Александр Юрьевич  |2 stltpush  |4 727 
712 0 2 |a Национальный исследовательский Томский политехнический университет (ТПУ)  |b Институт социально-гуманитарных технологий (ИСГТ)  |b Кафедра истории и философии науки и техники (ИФНТ)  |h 7618  |2 stltpush  |3 (RuTPU)RU\TPU\col\21252 
712 0 2 |a Национальный исследовательский Томский политехнический университет (ТПУ)  |b Институт кибернетики (ИК)  |b Кафедра технологии автоматизированного машиностроительного производства (ТАМП)  |h 1607  |2 stltpush  |3 (RuTPU)RU\TPU\col\18705 
801 2 |a RU  |b 63413507  |c 20210210  |g RCR 
856 4 |u http://earchive.tpu.ru/handle/11683/16210 
856 4 |u http://www.lib.tpu.ru/fulltext/c/2015/C43/V3/071.pdf 
942 |c BK